Chile : campo experimental para la reforma universitaria (Record no. 136082)

MARC details
000 -CABECERA
campo de control de longitud fija 00561nab a2200193 a 4500
005 - FECHA Y HORA DE LA ÚLTIMA TRANSACCIÓN
campo de control 20210223130737.0
008 - ELEMENTOS DE LONGITUD FIJA--INFORMACIÓN GENERAL
campo de control de longitud fija 991125s1985 mx 000 0 spa u
035 ## - NÚMERO DE CONTROL DEL SISTEMA
Número de control de sistema UPN01000163969
100 1# - ASIENTO PRINCIPAL--NOMBRE PERSONAL
Nombre de persona Esquivel Larrondo, Juan Eduardo
9 (RLIN) 31961
222 ## - TÍTULO CLAVE
Título clave PERFILES EDUCATIVOS
245 ## - MENCIÓN DE TÍTULO
Título Chile : campo experimental para la reforma universitaria
260 ## - PUBLICACIÓN, DISTRIBUCIÓN, ETC.
Lugar de publicación, distribución, etc. México
300 ## - DESCRIPCIÓN FÍSICA
Extensión 41-59
362 0# - FECHAS DE PUBLICACIÓN Y/O DESIGNACIÓN SECUENCIAL
Fecha de publicación y/o designación secuencial 2007 3a época, vol. 29, no. 116
653 0# - TERMINO DE INDIZACION - NO CONTROLADO
Término no controlado REFORMA UNIVERSITARIA
653 0# - TERMINO DE INDIZACION - NO CONTROLADO
Término no controlado POLITICA EDUCATIVA
653 0# - TERMINO DE INDIZACION - NO CONTROLADO
Término no controlado CALIDAD EDUCATIVA
905 ## - TIPO DE MATERIAL
Tipo de material Articulo

No items available.